Biblioteca y Centro de Documentación

Las modificaciones operadas por la Ley de Igualdad en el campo de la seguridad social (Registro nro. 38155)

Detalles MARC
000 -CABECERA
Longitud fija campo de control 01405naa a2200361 c 4500
001 - NÚMERO DE CONTROL
Número de control 38155
003 - IDENTIFICADOR DE NÚMERO DE CONTROL
Identificador del número de control ES-MaCES
005 - FECHA Y HORA DE LA ÚLTIMA TRANSACCIÓN
Fecha y hora de la última transacción 20231206040007.0
008 - CAMPO FIJO DE DESCRIPCIÓN FIJA--INFORMACIÓN GENERAL
Códigos de información de longitud fija   071129n2007 sp t ||0 | spa d
035 ## - NÚMERO DE CONTROL DEL SISTEMA
Número de control del sistema CES20070006950v
040 ## - FUENTE DE CATALOGACIÓN
Centro catalogador de origen ES-MaCES
Lengua de catalogación spa
Centro transcriptor ES-MaCES
100 1# - ENCABEZAMIENTO PRINCIPAL--NOMBRE PERSONAL
Nombre de persona Álvarez Cortés, Juan Carlos
9 (RLIN) 6117
245 14 - MENCIÓN DE TÍTULO
Título Las modificaciones operadas por la Ley de Igualdad en el campo de la seguridad social
Mención de responsabilidad, etc. Juan Carlos Álvarez Cortés
500 ## - NOTA GENERAL
Nota general Resumen
610 17 - ASIENTO SECUNDARIO DE MATERIA--NOMBRE CORPORATIVO
Nombre de entidad corporativa o nombre de jurisdicción como elemento inicial España
Título de la obra Ley orgánica para la igualdad efectiva de mujeres y hombres, 2007
Fuente de encabezamiento o término
9 (RLIN) 3183
650 #4 - ASIENTO SECUNDARIO DE MATERIA--TÉRMINO DE MATERIA
Término de materia o nombre geográfico como elemento inicial derecho comunitario
9 (RLIN) 29866
650 #4 - ASIENTO SECUNDARIO DE MATERIA--TÉRMINO DE MATERIA
Término de materia o nombre geográfico como elemento inicial cotizaciones
9 (RLIN) 30106
650 #4 - ASIENTO SECUNDARIO DE MATERIA--TÉRMINO DE MATERIA
Término de materia o nombre geográfico como elemento inicial prestaciones de supervivencia
9 (RLIN) 29079
650 #4 - ASIENTO SECUNDARIO DE MATERIA--TÉRMINO DE MATERIA
Término de materia o nombre geográfico como elemento inicial prestaciones de maternidad
9 (RLIN) 27040
650 #4 - ASIENTO SECUNDARIO DE MATERIA--TÉRMINO DE MATERIA
Término de materia o nombre geográfico como elemento inicial salud en el trabajo
9 (RLIN) 28347
650 #4 - ASIENTO SECUNDARIO DE MATERIA--TÉRMINO DE MATERIA
Término de materia o nombre geográfico como elemento inicial protección social
9 (RLIN) 29076
650 #4 - ASIENTO SECUNDARIO DE MATERIA--TÉRMINO DE MATERIA
Término de materia o nombre geográfico como elemento inicial discriminación por razones de sexo
9 (RLIN) 29521
650 #4 - ASIENTO SECUNDARIO DE MATERIA--TÉRMINO DE MATERIA
Término de materia o nombre geográfico como elemento inicial hombres
9 (RLIN) 28655
650 #4 - ASIENTO SECUNDARIO DE MATERIA--TÉRMINO DE MATERIA
Término de materia o nombre geográfico como elemento inicial mujeres
9 (RLIN) 28657
650 #4 - ASIENTO SECUNDARIO DE MATERIA--TÉRMINO DE MATERIA
Término de materia o nombre geográfico como elemento inicial igualdad de remuneración
9 (RLIN) 27184
650 #4 - ASIENTO SECUNDARIO DE MATERIA--TÉRMINO DE MATERIA
Término de materia o nombre geográfico como elemento inicial regímenes especiales de Seguridad Social
9 (RLIN) 31067
650 #4 - ASIENTO SECUNDARIO DE MATERIA--TÉRMINO DE MATERIA
Término de materia o nombre geográfico como elemento inicial seguridad social
9 (RLIN) 27034
653 10 - TÉRMINO DE INDEXACIÓN--NO CONTROLADO
Término no controlado Derecho del trabajo y Seguridad Social
773 0# - ENTRADA DE DOCUMENTO FUENTE
Título Relaciones laborales
Parte(s) relacionada(s) año 24, n. 19 (8 oct. 2007){10194 R. 069182}; p. 53-81
Número de control del registro relacionado (ES-MaCES)25210
Itemnumber del ítem fuente 43040
902 ## - CES. TIPO DE DOCUMENTO
Tipodoc (006$c Sirtex) ART Artículo de revista
942 ## - ELEMENTOS KOHA
Fuente de clasificaión o esquema Clasificación propia del CES
Koha [por defecto] tipo de item Artículos (1982-2017)
Parte de clasificación 6.0.1.

No hay ítems disponibles.

© CES, Consejo Económico y Social de España 2021